Every Christian's job / (Record no. 4000)

MARC details
000 -LEADER
fixed length control field 00671cam a22002411 4500
001 - CONTROL NUMBER
control field 6963837
003 - CONTROL NUMBER IDENTIFIER
control field GBCCL
005 - DATE AND TIME OF LATEST TRANSACTION
control field 20241126110508.0
008 - FIXED-LENGTH DATA ELEMENTS--GENERAL INFORMATION
fixed length control field 780209s1951 tnu 000 0 eng
010 ## -
-- 51006134
035 ## - SYSTEM CONTROL NUMBER
System control number (OCoLC)3622854
040 ## - CATALOGING SOURCE
Original cataloging agency DLC
Transcribing agency TxAbH
Modifying agency KyWAT
-- DLC
042 ## -
-- premarc
050 00 -
-- BV3790
-- .M45
082 ## - DEWEY DECIMAL CLASSIFICATION NUMBER
Classification number 253
Item number MAT
100 1# - MAIN ENTRY--PERSONAL NAME
Personal name Matthews, Charles Evert,
Dates associated with a name 1887-
9 (RLIN) 9052
245 10 - TITLE STATEMENT
Title Every Christian's job /
Statement of responsibility, etc. C.E. Matthews.
260 ## - PUBLICATION, DISTRIBUTION, ETC.
Place of publication, distribution, etc. Nashville, TN :
Name of publisher, distributor, etc. Broadman Press,
Date of publication, distribution, etc. c1951.
300 ## - PHYSICAL DESCRIPTION
Extent 132 p. ;
Dimensions 20 cm.
650 #0 - SUBJECT ADDED ENTRY--TOPICAL TERM
Topical term or geographic name entry element Evangelistic work.
9 (RLIN) 290
906 ## - LOCAL DATA ELEMENT F, LDF (RLIN)
a 7
b cbc
c oclcrpl
d u
e ncip
f 19
g y-gencatlg
942 ## - ADDED ENTRY ELEMENTS (KOHA)
Source of classification or shelving scheme Dewey Decimal Classification
Koha item type Books
Holdings
Withdrawn status Lost status Source of classification or shelving scheme Damaged status Not for loan Home library Current Library Shelving location Date acquired Total checkouts Full call number Barcode Date last seen Copy number Price effective from Koha item type
    Dewey Decimal Classification     GRACE BIBLE COLLEGE GRACE BIBLE COLLEGE Ministry & Mission 2017-12-20   253 MAT 008451 2025-05-01 c.1 2017-12-20 Books
    Dewey Decimal Classification     GRACE BIBLE COLLEGE GRACE BIBLE COLLEGE Ministry & Mission 2017-12-20   253 MAT 008452 2025-05-01 c.2 2017-12-20 Books
    Dewey Decimal Classification     GRACE BIBLE COLLEGE GRACE BIBLE COLLEGE Ministry & Mission 2018-08-06   253 MAT 009102 2025-05-01 c.3 2018-08-06 Books
© Grace Bible College Library 2025